Role-conflict and the corresponding role performance among headmasters (Record no. 19554)

MARC details
000 -LEADER
fixed length control field 00724nam a2200205Ia 4500
082 ## - DEWEY DECIMAL CLASSIFICATION NUMBER
Classification number TV.0092
100 ## - MAIN ENTRY--AUTHOR NAME
Personal name Verma, Panna Lal
245 #0 - TITLE STATEMENT
Title Role-conflict and the corresponding role performance among headmasters
260 ## - PUBLICATION, DISTRIBUTION, ETC. (IMPRINT)
Year of publication 1974
Name of publisher University of Rajasthan
300 ## - PHYSICAL DESCRIPTION
Number of Pages 384p.
650 ## - SUBJECT ADDED ENTRY--TOPICAL TERM
Topical Term SECONDARY SCHOOL PRINCIPALS//HIGH SCHOOL PRINCIPALS
650 ## - SUBJECT ADDED ENTRY--TOPICAL TERM
Topical Term PRINCIPALS, SENIOR HIGH SCHOOL//HIGH SCHOOL PRINCIPALS
650 ## - SUBJECT ADDED ENTRY--TOPICAL TERM
Topical Term ROLE CONFLICT
650 ## - SUBJECT ADDED ENTRY--TOPICAL TERM
Topical Term HIGH SCHOOL PRINCIPALS - RAJASTHAN
650 ## - SUBJECT ADDED ENTRY--TOPICAL TERM
Topical Term PRINCIPALS, HIGH SCHOOL//HIGH SCHOOL PRINCIPALS
650 ## - SUBJECT ADDED ENTRY--TOPICAL TERM
Topical Term EDUCATIONAL ADMINISTRATION - RAJASTHAN
650 ## - SUBJECT ADDED ENTRY--TOPICAL TERM
Topical Term SENIOR HIGH SCHOOL PRINCIPALS//HIGH SCHOOL PRINCIPA
710 ## - ADDED ENTRY--CORPORATE NAME
Corporate name or jurisdiction name as entry element Oad, L.K.
942 ## - ADDED ENTRY ELEMENTS (KOHA)
Koha item type Thesis
Source of classification or shelving scheme Dewey Decimal Classification
Holdings
Withdrawn status Lost status Damaged status Not for loan Home library Current library Date acquired Full call number Accession Number Price effective from Koha item type
        NASSDOC Library NASSDOC Library 08/10/2004 TV.0092 11306 18/04/2019 Thesis